What Motivates Employees in Pakistani Organizations (Record no. 596)
[ view plain ]
| 000 -LEADER | |
|---|---|
| fixed length control field | 00437nam a2200145Ia 4500 |
| 008 - FIXED-LENGTH DATA ELEMENTS--GENERAL INFORMATION | |
| fixed length control field | 230312s9999||||xx |||||||||||||| ||und|| |
| 082 ## - DEWEY DECIMAL CLASSIFICATION NUMBER | |
| Classification number | 658.314 |
| Item number | ZAR-P |
| 100 ## - MAIN ENTRY--PERSONAL NAME | |
| Personal name | Zarrar R. Zubbair |
| 245 #0 - TITLE STATEMENT | |
| Title | What Motivates Employees in Pakistani Organizations |
| 260 ## - PUBLICATION, DISTRIBUTION, ETC. | |
| Name of publisher, distributor, etc. | Pakistan Institute of Management |
| Place of publication, distribution, etc. | Karachi |
| 300 ## - PHYSICAL DESCRIPTION | |
| Extent | 144 |
| 546 ## - LANGUAGE NOTE | |
| Language note | Eng. |
| 650 ## - SUBJECT ADDED ENTRY--TOPICAL TERM | |
| Topical term or geographic name entry element | Management |
| Form subdivision | Introduction , Objectives , Scope Research Hypotheses |
| 942 ## - ADDED ENTRY ELEMENTS (KOHA) | |
| Koha item type | BOOK |
| Withdrawn status | Lost status | Source of classification or shelving scheme | Damaged status | Not for loan | Home library | Current library | Date acquired | Total Checkouts | Full call number | Barcode | Date last seen | Price effective from | Koha item type |
|---|---|---|---|---|---|---|---|---|---|---|---|---|---|
| Dewey Decimal Classification | Superior Information Resource Center (SIRC) Superior University- Main Campus | Superior Information Resource Center (SIRC) Superior University- Main Campus | 03/13/2023 | 658.314 ZAR-P | 605 | 03/13/2023 | 03/13/2023 | BOOK |
